000 01373nam a22003375i 4500
001 162320
003 ES-MaACL
005 20250725063229.0
008 041111s1803 fr ac |||| | fre d
040 _aCAM
_bspa
_cCAM
080 _a929(37)
080 _a929(38)
100 0 _aPlutarco
_eaut
_992678
245 1 4 _aLes vies des hommes illustres.
_nTome troisième /
_cde Plutarque ; traduites en françois, avec des remarques historiques et critiques, par M. Dacier.
250 _aNouv. éd., rev. et corr.
260 _aA Lyon :
_bchez Amable Leroy,
_c1803.
300 _a[4], 431 páginas, [3] hojas de láminas ;
_c17 cm.
505 0 _aPériclès; Fabius Maximus; Alcibiade; Coriolan
597 _aSign.: []2, A-S12s.
597 _aAntep.
599 _aLáminas de grab. xil.: retratos de los biografiados, excepto de Fabio Máximo. En la de Coriolano consta : "Gravé par le Petit Julien de Paris"
600 0 4 _aPericles
_9131022
600 1 7 _aFabio Máximo, Quinto
_2embne
_9130347
600 0 4 _aAlcibíades
_9125591
600 1 7 _aCoriolano, Cayo Marcio
_2embne
_9126577
700 1 _aDacier, André,
_d1651-1722
_etrl
_9126689
852 _aES-MaACL
_cDEPOZ
_fEx-libris ms. de Juan Antonio Posse, cura de San Andrés
_jZ-255
_xPasta española
942 _2udc
_cMONANT
_n0
999 _c162320
_d162320